000 00287nam a22001337a 4500
008 171202b xxu||||| |||| 00| 0 eng d
020 _a576521001
041 _aeng
080 _a32
100 _a18
101 _aSHP
245 _aTHIRD WORLD DEVELOPMENT
_cSTOCKWELL
942 _2udc
_cBK
999 _c38729
_d38729